| 000 | 00528nam a2200181Ia 4500 | ||
|---|---|---|---|
| 001 | 20786 | ||
| 005 | 20260306172831.0 | ||
| 008 | 260306t2013||||xx |||||||||||||| ||spa|| | ||
| 041 | _aESP | ||
| 082 |
_a343.8 _bB26 |
||
| 100 |
_aBassallo Ramos, Carlos Alberto _eAUT |
||
| 245 | 0 |
_aCódigo tributario para contadores: _banálisis, base legal y doctrinaria, jurisprudencias, casos prácticos, flujogramas |
|
| 260 | _c2013 | ||
| 300 |
_a750 páginas : _c25 cm. |
||
| 650 | _aGEN | ||
| 654 | _aCDE | ||
| 942 |
_cLIB _dJUS _fJUS _2ddc _n |
||
| 999 |
_c20786 _d20786 |
||